[Event "Tijuca Tenis Clube op 2nd"]
[Site "Rio de Janeiro"]
[Date "2017.07.15"]
[Round "1"]
[White "Cifuentes Goncalves, Luiz Osvaldo"]
[Black "Cunha, Eduardo Arruda da G"]
[Result "1-0"]
[WhiteElo "1859"]
[BlackElo "2279"]
[PlyCount "131"]
[EventDate "2017.07.15"]
[EventType "swiss"]
[EventRounds "6"]
[EventCountry "BRA"]
[SourceTitle "EXT 2019"]
[Source "ChessBase"]
[SourceDate "2018.10.10"]
[SourceVersion "1"]
[SourceVersionDate "2018.10.10"]
[SourceQuality "1"]

1. e4 c5 2. Nf3 d6 3. d4 cxd4 4. Nxd4 Nf6 5. Nc3 a6 6. h3 e5 7. Nde2 Be6 8. g4 Be7 9. Bg2 Nbd7 10. Be3 Rc8 11. Qd2 b5 12. 0-0-0 Nb6 13. b3 Nfd7 14. Kb1 Qc7 15. Nd5 Bxd5 16. exd5 a5 17. Rc1 a4 18. Qb4 0-0 19. Ng3 g6 20. h4 Qb7 21. Qxb5 axb3 22. cxb3 Rxc1+ 23. Bxc1 Rc8 24. h5 Qc7 25. Qe2 Nc5 26. hxg6 fxg6 27. f4 exf4 28. Bxf4 Bf6 29. Rc1 Nba4 30. Bd2 Qg7 31. Ne4 Ba1 32. Rc2 Rb8 33. Nxc5 Nxc5 34. b4 Qd4 35. a3 Na4 36. Qe3 Qxg4 37. Qe6+ Qxe6 38. dxe6 Bf6 39. Rc7 Nb6 40. Be3 Nc8 41. Bb7 Ne7 42. a4 Nf5 43. Ba7 Rd8 44. Rd7 Re8 45. Bd5 Ne7 46. Bb3 h5 47. Rxd6 h4 48. Rd3 g5 49. Bd1 Kg7 50. b5 Be5 51. Be3 Kf6 52. Bg4 Rc8 53. Bd4 Rc4 54. Rf3+ Kg6 55. Bxe5 Rxg4 56. Rf6+ Kh5 57. Rf7 Rb4+ 58. Kc2 Ng6 59. e7 Rc4+ 60. Kb3 Rc8 61. Bd6 h3 62. b6 Nxe7 63. Rxe7 Rc6 64. b7 Rxd6 65. b8Q Rh6 66. Qg3 1-0

[Event "BRA-ch Seniors 50+"]
[Site "Curitiba"]
[Date "2016.12.10"]
[Round "5"]
[White "Santos Filho, Tadeu Souza"]
[Black "Cunha, Eduardo Arruda da G"]
[Result "0-1"]
[WhiteElo "2071"]
[BlackElo "2284"]
[PlyCount "164"]
[EventDate "2016.12.08"]
[EventType "swiss"]
[EventRounds "7"]
[EventCountry "BRA"]
[SourceTitle "EXT 2018"]
[Source "ChessBase"]
[SourceDate "2017.10.13"]
[SourceVersion "1"]
[SourceVersionDate "2017.10.13"]
[SourceQuality "1"]

1. e4 c5 2. Nf3 d6 3. d4 cxd4 4. Nxd4 Nf6 5. f3 e5 6. Bb5+ Bd7 7. Bxd7+ Qxd7 8. Nf5 d5 9. Bg5 dxe4 10. Bxf6 Qxd1+ 11. Kxd1 gxf6 12. fxe4 Nc6 13. c3 0-0-0+ 14. Kc2 Rg8 15. g3 Rg4 16. Re1 Ne7 17. Nd2 Nxf5 18. exf5 Be7 19. Ne4 h5 20. h3 Rgg8 21. Rad1 Kc7 22. b4 b5 23. Kb3 Kb6 24. a3 a6 25. Ka2 Kc6 26. Rg1 Rd5 27. Rxd5 Kxd5 28. Re1 Rc8 29. Kb3 h4 30. g4 Rc4 31. Nd2 Rf4 32. Rd1 Kc6 33. Re1 Rf2 34. Kc2 Rh2 35. Re3 Bd8 36. Kd3 Bb6 37. Nf1 Rf2 38. Nd2 Bxe3 39. Kxe3 Rh2 40. Ne4 Rxh3+ 41. Ke2 Rh2+ 42. Kf3 Ra2 43. Nxf6 Rxa3 44. Ne4 Ra2 45. g5 Kd7 46. Kg4 Re2 47. Nf6+ Ke7 48. Kxh4 Rf2 49. Nd5+ Kf8 50. Kg4 Rd2 51. Nf6 Rd3 52. Ne4 Re3 53. Nc5 Ke7 54. f6+ Ke8 55. Kf5 Rxc3 56. Nxa6 Rg3 57. Nc7+ Kd7 58. Nd5 Kd6 59. Ne7 Rf3+ 60. Ke4 Rf4+ 61. Ke3 Rxb4 62. g6 fxg6 63. Nxg6 Ke6 64. f7 Kxf7 65. Nxe5+ Ke6 66. Nc6 Rb1 67. Kd4 Kd6 68. Na5 Rd1+ 69. Kc3 Kc5 70. Nb3+ Kb6 71. Kc2 Rd8 72. Kc3 Rc8+ 73. Kb4 Rc4+ 74. Ka3 Rh4 75. Nd2 Kc5 76. Nb3+ Kc4 77. Nc1 Rh2 78. Na2 Rxa2+ 79. Kxa2 Kc3 80. Kb1 Kb3 81. Ka1 Kc2 82. Ka2 b4 0-1

[Event "BRA-ch Seniors 50+"]
[Site "Curitiba"]
[Date "2016.12.08"]
[Round "1"]
[White "Petrenko, Willy"]
[Black "Cunha, Eduardo Arruda da G"]
[Result "0-1"]
[WhiteElo "1913"]
[BlackElo "2284"]
[PlyCount "94"]
[EventDate "2016.12.08"]
[EventType "swiss"]
[EventRounds "7"]
[EventCountry "BRA"]
[SourceTitle "EXT 2018"]
[Source "ChessBase"]
[SourceDate "2017.10.13"]
[SourceVersion "1"]
[SourceVersionDate "2017.10.13"]
[SourceQuality "1"]

1. e4 c5 2. Nf3 d6 3. g3 Nc6 4. Bg2 Nf6 5. d3 g6 6. 0-0 Bg7 7. c4 0-0 8. Nc3 a6 9. a4 Bg4 10. h3 Bxf3 11. Bxf3 Nd7 12. Bg2 Nb4 13. Na2 Qa5 14. Nxb4 Qxb4 15. Bd2 Qb6 16. Rb1 Rac8 17. b3 Ne5 18. Bc3 Nf3+ 19. Qxf3 Bxc3 20. e5 Bxe5 21. Qxb7 Rb8 22. Qxe7 Rfe8 23. Qd7 Rbd8 24. Qg4 Bd4 25. Bd5 Re7 26. Qf3 Rde8 27. Bc6 Rc8 28. Bd5 Qb4 29. Kg2 Kg7 30. Qd1 Rce8 31. Bc6 Rb8 32. Bd5 f5 33. g4 f4 34. g5 Rbe8 35. Bc6 Rf8 36. h4 Qb6 37. Bd5 Qb8 38. Qg4 f3+ 39. Kh1 Qe8 40. Bxf3 Ref7 41. Rbe1 Be5 42. Bd5 Rf4 43. Qg3 Qd7 44. Qh2 Qg4 45. f3 Qh5 46. Kg1 Rxh4 47. Qe2 Rh1+ 0-1

[Event "Sao Paulo Freitas op 2nd"]
[Site "Sao Paulo"]
[Date "2016.04.17"]
[Round "5"]
[White "Rodrigues, Nei Jorge"]
[Black "Cunha, Eduardo Arruda da G"]
[Result "0-1"]
[WhiteElo "2063"]
[BlackElo "2331"]
[PlyCount "81"]
[EventDate "2016.04.15"]
[EventType "swiss"]
[EventRounds "6"]
[EventCountry "BRA"]
[SourceTitle "CBM 171 Extra"]
[Source "ChessBase"]
[SourceDate "2016.04.26"]
[SourceVersion "1"]
[SourceVersionDate "2016.04.26"]
[SourceQuality "1"]

1. Nf3 Nf6 2. c4 g6 3. Nc3 Bg7 4. g3 0-0 5. Bg2 d6 6. 0-0 e5 7. d3 Nh5 8. Rb1 f5 9. b4 e4 10. Bg5 Qd7 11. Nxe4 fxe4 12. dxe4 Qe6 13. Qc2 Nc6 14. Be3 Ne5 15. Nxe5 Qxe5 16. c5 Be6 17. Rfd1 Qc3 18. Qa4 Qc4 19. cxd6 cxd6 20. Rxd6 Qxa2 21. Qd1 Bc4 22. Rd2 Qa6 23. f4 Qa3 24. Bc5 Ba2 25. Ra1 Bxa1 26. Qxa1 Rfd8 27. Rxa2 Qb3 28. Qb2 Qd1+ 29. Kf2 b6 30. Be3 Ng7 31. g4 Rac8 32. Rxa7 Rd7 33. Rxd7 Qxd7 34. Bxb6 Qxg4 35. Qb3+ Ne6 36. Be3 Kg7 37. Qb2+ Kf7 38. Qa2 Kg7 39. Qd5 Rd8 40. Qe5+ Kf7 41. Qa1 0-1

[Event "Sao Paulo Freitas op 2nd"]
[Site "Sao Paulo"]
[Date "2016.04.15"]
[Round "1"]
[White "Dos Santos, Julio Reinaldo"]
[Black "Cunha, Eduardo Arruda da G"]
[Result "0-1"]
[WhiteElo "1852"]
[BlackElo "2331"]
[PlyCount "92"]
[EventDate "2016.04.15"]
[EventType "swiss"]
[EventRounds "6"]
[EventCountry "BRA"]
[SourceTitle "CBM 171 Extra"]
[Source "ChessBase"]
[SourceDate "2016.04.26"]
[SourceVersion "1"]
[SourceVersionDate "2016.04.26"]
[SourceQuality "1"]

1. d4 Nf6 2. c4 g6 3. Nc3 Bg7 4. e4 d6 5. Be2 0-0 6. Bg5 h6 7. Be3 e5 8. d5 h5 9. f3 Ne8 10. g4 h4 11. Nh3 f6 12. Qd2 a6 13. Bh6 Kh7 14. Bxg7 Kxg7 15. f4 exf4 16. Nxf4 Qe7 17. 0-0-0 g5 18. Ng2 Nd7 19. h3 Ne5 20. Ne3 c6 21. Kb1 c5 22. Rdf1 Nc7 23. a4 Rb8 24. Rh2 Ng6 25. Rhf2 Nf4 26. Rxf4 gxf4 27. Rxf4 Qe5 28. a5 b5 29. axb6 Rxb6 30. Nf5+ Bxf5 31. Rxf5 Qd4 32. Qc2 Rfb8 33. Nd1 Re8 34. Bd3 Re5 35. Rf3 Qg1 36. Qe2 a5 37. Rf1 Qd4 38. Qf3 Re8 39. Bc2 Reb8 40. Qf5 Rxb2+ 41. Kc1 Rxc2+ 42. Kxc2 Qxc4+ 43. Kd2 Qd4+ 44. Kc2 Nb5 45. Rf3 Qa1 46. g5 Nd4+ 0-1